| 000 | 00663nam a22002057i 4500 | ||
|---|---|---|---|
| 001 | 7819 | ||
| 003 | OSt | ||
| 005 | 20170126082404.0 | ||
| 007 | tu | ||
| 008 | 161220s xxu||||| |||| 00| 0 d | ||
| 024 | 7 |
_a7819 _2RID |
|
| 040 | _cOSt | ||
| 245 | 0 | 0 | _aLabour force Survey in Poland (Quartalspublikation) |
| 260 | _aPoland. | ||
| 490 | _aLabour force Survey in Poland (Quartalspublikation) | ||
| 651 | _aPoland | ||
| 110 | 2 | _aCentral Statistical Office | |
| 866 | 0 | _u1997/Q2-1998/Q4, 2000, 2002/Q1-2009/Q3 | |
| 866 | 0 | _u<br><br>vorhanden:<br>1997/ Q2-4<br>1998/ Q2-4<br>2000/ Q1-4<br>2002/ Q1-4<br>2003/ Q1-4<br>2004/ Q1-4<br>2005/ Q3-4<br>2006/ Q1-4<br>2007/ Q1-4 | |
| 942 | _cST | ||
| 999 |
_c6625 _d6625 |
||